| 000 | 01991nam0a2200409 4500 | ||
|---|---|---|---|
| 001 | RU\NLR\bibl\215476 | ||
| 005 | 20260407065419.0 | ||
| 010 |
_a5-7556-0161-5 _91000 |
||
| 020 |
_aRU _b01-46474 _9Книжная летопись |
||
| 021 |
_aRU _b2001-26714 _91275 |
||
| 035 | _a(NLR Aleph) 000211608 | ||
| 090 |
_a1228362 _c1228362 |
||
| 100 | _a20011206d2001 |||y0rusy50 ca | ||
| 101 | 0 | _arus | |
| 102 | _aRU | ||
| 105 | _aa ||||||||| | ||
| 200 | 1 |
_aСоциальная цена неолиберального реформирования _f[Осипов Г.В., Локосов В.В.] _gМежрегион. обществ. орг. содействия демократ. реформам "Мобилизация и развитие" |
|
| 210 |
_aМ. _cИСПИ _d2001 |
||
| 215 |
_a156, [2] с. _cил. _d21 |
||
| 300 | _aАвт. указаны на обороте тит.л. | ||
| 606 | 0 |
_aЭкономические реформы _xСоциологические исследования _yРоссийская Федерация _92115931 _3RU\NLR\auth\661278283 |
|
| 610 | 0 | _aЛиберализм в экономике | |
| 610 | 0 | _aПереход к рыночной экономике - Социальные проблемы | |
| 675 |
_a316.42 _v3 _zrus |
||
| 686 |
_a04 _2rugasnti |
||
| 686 |
_a60.55 _2rubbk |
||
| 686 | _aС550.420.3 | ||
| 700 | 1 |
_4070 _8rus _7ca _aОсипов _bГ. В. _cд-р филос. наук _f1929- _gГеннадий Васильевич _3RU\NLR\auth\772275 _9112291 |
|
| 701 | 1 |
_aЛокосов _bВ. В. _4070 |
|
| 712 | 0 | 2 |
_4570 _a"Мобилизация и развитие", региональная общественная организация содействия демократическим реформам _cРФ _3RU\NLR\AUTH\8810032873 _9564293 |
| 801 | 0 |
_aRU _bRKP _c20011206 _gPSBO |
|
| 801 | 1 |
_aRU _bRKP _c20011206 |
|
| 801 | 2 |
_aRU _bNLR _c20060713 _grcr |
|
| 942 | _cBOOK | ||
| 980 | _aNB | ||